书目信息 |
| 题名: |
灌区建筑物加固改造
|
|
| 作者: | 雷声昂 , 张法思 编著 | |
| 分册: | ||
| 出版信息: | 北京 中国水利水电出版社 2004.02 |
|
| 页数: | 315页 | |
| 开本: | 21cm | |
| 丛书名: | 灌区节水改造技术丛书 | |
| 单 册: | ||
| 中图分类: | TV6 | |
| 科图分类: | ||
| 主题词: | 灌区--水工建筑物--加固 , 灌区--水工建筑物--改造 | |
| 电子资源: | ||
| ISBN: | 7-5084-1698-8 | |
| 000 | 01130nam 2200289 45 | |
| 001 | 0100738800 | |
| 005 | 20050505194219.53 | |
| 010 | @a7-5084-1698-8@d32.00CNY | |
| 100 | @a20031210d2004 kmey0chiy0121 ea | |
| 101 | 0 | @achi |
| 102 | @aCN@b110000 | |
| 105 | @aa a 000yy | |
| 200 | 1 | @a灌区建筑物加固改造@AGuan Qu Jian Zhu Wu Jia Gu Gai Zao@d= Reinforcing and Rehabilitation of Irrigation Structures@f雷声昂, 张法思编著@Flei sheng ang,zhang fa si bian zhu@zeng |
| 210 | @a北京@c中国水利水电出版社@d2004.02 | |
| 215 | @a315页@c图@d21cm | |
| 225 | 2 | @a灌区节水改造技术丛书@f冯广志主编 |
| 320 | @a有书目 (第314-315页)。 | |
| 330 | @a本书主要介绍了灌区建筑物的加固改造方法、施工技术、施工工艺、施工设备、建筑材料和施工管理。 | |
| 410 | 0 | @12001 @a灌区节水改造技术丛书@1700 0@a冯广志@AFeng Guang Zhi@4主编 |
| 510 | 1 | @aReinforcing and Rehabilitation of Irrigation Structures@zeng |
| 606 | 0 | @a灌区@x水工建筑物@x加固 |
| 606 | 0 | @a灌区@x水工建筑物@x改造 |
| 690 | @aTV6@v4 | |
| 701 | 0 | @a雷声昂@Alei sheng ang@4编著 |
| 701 | 0 | @a张法思@Azhang fa si@4编著 |
| 801 | 0 | @aCN@bQSSK@c20050505 |
| 905 | @a10447@dTV6@eL083 | |
| 灌区建筑物加固改造= Reinforcing and Rehabilitation of Irrigation Structures/雷声昂, 张法思编著.-北京:中国水利水电出版社,2004.02 |
| 315页:图;21cm.-(灌区节水改造技术丛书/冯广志主编) |
| ISBN 7-5084-1698-8:32.00CNY |
| 本书主要介绍了灌区建筑物的加固改造方法、施工技术、施工工艺、施工设备、建筑材料和施工管理。 |
| ● |
| 相关链接 |
|
|
|
正题名:灌区建筑物加固改造
索取号:TV6/L083
 
预约/预借
| 序号 | 登录号 | 条形码 | 馆藏地/架位号 | 状态 | 备注 |
| 1 | 499752 | 204997520 | 自科库501/501自科库 48排1列4层/ [索取号:TV6/L083] | 在馆 | |
| 2 | 499753 | 204997539 | 自科库501/501自科库 48排1列4层/ [索取号:TV6/L083] | 在馆 |